000 00386 a2200157 4500
999 _c297
_d297
008 221028b ||||| |||| 00| 0 eng d
020 _a9788110002336
082 0 0 _a623.88
_bD584
100 _aDinger, J.
245 _aSeamanship /
_cJ. Dinger
250 _a11th ed.
260 _aMumbai:
_bBhandarkar Publication,
_c2014.
300 _a232 p.
650 0 _aSeamanship
942 _2ddc
_cBK